Personnalités célèbres commençant par O - Statistiques

Statistiques générales
  • Ce quiz a été pris 63 fois
  • Le résultat moyen est 5 sur 16
Statistiques - réponses
Par images Réponse % Correct
Orelsan
90%
Michelle Obama
80%
Jenna Ortega
58%
Laurent Ournac
54%
Pascal Obispo
42%
Oasis
36%
Amélie Oudéa-Castéra
29%
Sabrina Ouazani
29%
Shaquille O'Neal
27%
Christine Ockrent
25%
Rita Ora
25%
Claude Onesta
17%
Ozzy Osbourne
15%
Yoko Ono
10%
Karl Olive
7%
Fabien Onteniente
3%
Aucun quiz correspondant
Distribution des résultats
% des personnes avec chaque résultat
Percentile par nombre de réponses
Votre historique - résultats
Vous n’avez pas pris ce quiz